000 00904nam a2200205 a 4500
001 001130769
003 AM-YeHGA
005 20250617152044.0
008 160222s1976 ||| r 000 0 rus d
040 _aAM-YeHGA
041 0 _arus
245 0 0 _aНейробионика и проблемы биоэлектрического управления /
_cНауч. совет по проблеме "Кибернетика". АН УССР. Ин-т кибернетики; Отв. ред. К.А. Иванов-Муромский.
260 _aКиев :
_bИК,
_c1976.
300 _a94 с. :
_bил.
653 0 _aНейробионика - Сборники
653 0 _aБиоэлектрическое управление - Сборники
700 1 _aИванов-Мурамский, К.А.
_eред.
_4edt
710 2 _aИнститут кибернетики АН УССР
090 _c364961
999 _c363111
_d363111